| 000 | 01170nam a2200241 a 4500 | ||
|---|---|---|---|
| 003 | BD-DhJNU | ||
| 005 | 20260115054044.0 | ||
| 008 | 251108s2023 bg |||g |||| 000 1|ben|d | ||
| 020 | _a9789849721444 | ||
| 040 |
_aBD-DhJNU _bben _cBD-DhJNU _dBD-DhJNU |
||
| 041 | _aben | ||
| 082 |
_a954.92 HUR _223 |
||
| 100 | _aহোসেন, এম সাখাওয়াত | ||
| 245 | 1 | 0 |
_aরক্তাক্ত দিনগুলো ১৯৭৫-৮১ : _bঅভ্যুত্থান-পাল্টাঅভ্যুত্থান প্রত্যক্ষদর্শীর অভিজ্ঞতা / _cএম সাখাওয়াত হোসেন |
| 246 | _aRoktakto Dingulo: 1975-81 | ||
| 250 | _a1st ed. | ||
| 260 |
_aঢাকা : _bপ্রথমা প্রকাশন, _c2023. |
||
| 300 |
_a২৩২ পৃ. : _bচিত্র ; _c২২ সেমি.। |
||
| 504 | _aগ্রন্থপঞ্জিগত নির্দেশিকা ও নিঘন্ট অন্তভূক্ত | ||
| 650 | _aবাংলাদেশের রাজনৈতিক ইতিহাস | ||
| 650 | _cEyewitness memoir | ||
| 942 |
_cBK _2ddc |
||
| 999 |
_c2533 _d2533 |
||